Projekty pro státní správu
Popis určitého SW pre modelovanie procesov a niekteré vybrané projekty realizované v štátnej správe.Jedná sa o nástroj FirstStep kanadskej firmy Interfacing Technologies Corporation a projekty na Magistráte mesta Ostravy a Krajskom úrade libereckého kraja.
Salvato in:
| Autore principale: | |
|---|---|
| Natura: | Capitolo di libro |
| Lingua: | ceco |
| Soggetti: | |
| Tags: |
Nessun Tag, puoi essere il primo ad aggiungerne!!
|
MARC
| LEADER | 00000nla$a2200000$$$4500 | ||
|---|---|---|---|
| 001 | 0041388 | ||
| 005 | 20231106103127.3 | ||
| 041 | 0 | |a cze | |
| 044 | |a SK | ||
| 245 | 1 | 0 | |a Projekty pro státní správu |c Pavel Vlček |
| 520 | |a Popis určitého SW pre modelovanie procesov a niekteré vybrané projekty realizované v štátnej správe.Jedná sa o nástroj FirstStep kanadskej firmy Interfacing Technologies Corporation a projekty na Magistráte mesta Ostravy a Krajskom úrade libereckého kraja. | ||
| 610 | 2 | 0 | |a správa štátna |
| 610 | 2 | 0 | |a projekty |
| 610 | 2 | 0 | |a modelovanie |
| 610 | 2 | 0 | |a majetok hmotný |
| 610 | 2 | 0 | |a majetok dlhodobý |
| 610 | 2 | 0 | |a riadenie procesné |
| 610 | 2 | 0 | |a riadenie projektové |
| 610 | 2 | 0 | |a Česko |
| 100 | 1 | |a Vlček, Pavel | |